000 00800nam a2200241 i 4500
001 bg
100 1 _aKOSACKA-ŁĘDZEWICZ, Dorota
245 1 0 _aLeksykon świadczeń ZUS 2004 /
_cDorota Kosacka-Łędzewicz, Bogdan Olszewski, Ewa Szóstko.
250 _aWyd. 1 popr. i uzup., stan prawny po 1 maja 2004.
260 _aWrocław :
_b"Unimex",
_ccop. 2004.
300 _a527 s. :
_btab. ;
_c24 cm.
650 9 _aŚwiadczenia społeczne
_xprawo
_zPolska
_ystan na 2004 r.
700 1 _aOLSZEWSKI, Bogdan
700 1 _aSZÓSTKO, Ewa
020 _a8388785605
040 _cBPK
041 0 _apol
080 _a349.3:369](438)
920 _a83-88785-60-5
942 _cKS
008 s pl f |000 0 pol
999 _c45390
_d45390
856 _uhttp://koha.tu.koszalin.pl/cgi-bin/koha/opac-detail.pl?biblionumber=45390
_yKatalog online BPK